Studi dui Cicindelidi XV rassegna dei Cicindelidae dell'etiopia, con descrizione di cinque nuove entita sistematiche (<Coleptera>) (Registro nro. 11428)

Detalles MARC
000 -CABECERA
Campo de control 006450000a22001930004500
090 ## - CLASIFICACIÓN LOCAL
Colección AR
Consecutivo 02357
041 0# - IDIOMA
Código de idioma para texto/pista de sonido o título separado
100 1# - ASIENTO PRINCIPAL--NOMBRE PERSONAL
Nombre personal Cassola, Fabio
245 10 - MENCION DE TITULO
Título Studi dui Cicindelidi XV rassegna dei Cicindelidae dell'etiopia, con descrizione di cinque nuove entita sistematiche (<Coleptera>)
650 14 - ASIENTO SECUNDARIO DE MATERIA - TERMINO TEMATICO
Término temático o nombre geográfico como elemento de entrada Entomología
650 14 - ASIENTO SECUNDARIO DE MATERIA - TERMINO TEMATICO
Término temático o nombre geográfico como elemento de entrada Sistemática animal
650 14 - ASIENTO SECUNDARIO DE MATERIA - TERMINO TEMATICO
Término temático o nombre geográfico como elemento de entrada Morfología animal
650 14 - ASIENTO SECUNDARIO DE MATERIA - TERMINO TEMATICO
Término temático o nombre geográfico como elemento de entrada Nuevas especies
650 14 - ASIENTO SECUNDARIO DE MATERIA - TERMINO TEMATICO
Término temático o nombre geográfico como elemento de entrada Coleópteros
651 #4 - ASIENTO SECUNDARIO DE MATERIA - NOMBRE GEOGRAFICO
-- Etiopia
653 ## - TERMINO DE INDIZACION - NO CONTROLADO
-- Cicindelidae
773 1# - Item fuente:
Título Accademia Nazionale dei Lincei
Especificación de materiales 1119
Descripción física 243
Paginas del Articulo 75-124
Lugar, editorial y fecha de publicación 1978
Información sobre la relación 375
942 ## - ELEMENTOS ADICIONALES (KOHA)
Tipo de ítem Artículo
Existencias
Withdrawn status Lost status Damaged status No para préstamo Colección Ubicación Permanente Ubicación actual Fecha de adquisición Datos de publicación Seriada Total Checkouts Número topográfico Inventario / Código de Barras Date last seen Ejemplar Price effective from Forma de adquisición Tipo de material
      No para Préstamo Hemeroteca Bogotá Bogotá 27/02/2015 Fuera de circulación   AR 02357 012766 25/03/2015 1 25/03/2015   Artículo